Gods and kings: (Record no. 9913)
[ view plain ]
| 000 -LEADER | |
|---|---|
| fixed length control field | 01641nam a22001937a 4500 |
| 005 - ΗΜΕΡΟΜΗΝΙΑ ΚΑΙ ΩΡΑ ΤΕΛΕΥΤΑΙΑΣ ΕΝΗΜΕΡΩΣΗΣ | |
| Πεδίο ελέγχου | 20250902120912.0 |
| 006 - FIXED-LENGTH DATA ELEMENTS--ADDITIONAL MATERIAL CHARACTERISTICS | |
| Πεδίο ελέγχου σταθερού μήκους | a|||||r||||||||||| |
| 008 - FIXED-LENGTH DATA ELEMENTS--GENERAL INFORMATION | |
| Πεδίο ελέγχου σταθερού μήκους | 250902s |||||||| |||| 00| ||eng d |
| 020 ## - ISBN | |
| ISBN | 9780241198162 |
| 040 ## - ΠΗΓΗ ΚΑΤΑΛΟΓΟΓΡΑΦΗΣΗΣ | |
| Φορέας πρωτότυπης καταλογογράφησης | MC Athens Campus Library |
| Γλώσσα καταλογογράφησης | Ελληνικά, Μοντέρνα (1453-) |
| Modifying agency | MC Athens Campus Library |
| Κανόνες περιγραφικής καταλογογράφησης | AACR2 |
| 100 ## - MAIN ENTRY--PERSONAL NAME | |
| Personal name | Thomas, Dana |
| Σχέση | Συγγραφέας |
| 9 (RLIN) | 10064 |
| 245 10 - ΤΙΤΛΟΣ ΚΑΙ ΔΗΛΩΣΗ ΥΠΕΥΘΥΝΟΤΗΤΑΣ | |
| Τίτλος | Gods and kings: |
| Remainder of title | the rise and fall of Alexander McQueen and John Galliano/ |
| Statement of responsibility, etc. | Dana Thomas |
| 260 ## - PUBLICATION, DISTRIBUTION, ETC. | |
| Place of publication, distribution, etc. | UK: |
| Name of publisher, distributor, etc. | Penguin Books, |
| Date of publication, distribution, etc. | 2016 |
| 300 ## - PHYSICAL DESCRIPTION | |
| Extent | 422 p.; |
| Διαστάσεις | 20 cm |
| 520 ## - SUMMARY, ETC. | |
| Summary, etc. | In the mid-1990s, John Galliano and Alexander McQueen exploded onto a fashion scene that was in an artistic and economic rut. Their daring visions shook the establishment out of its bourgeois, minimalist stupor with vibrant, sexy designs and theatrical runway shows. By the end of the decade, each had been hired to run one of couture’s most storied houses, Galliano at Dior and McQueen at Givenchy. They were icons of a new generation of rock-star designers who headlined the transformation of luxury fashion from a small clutch of family-owned businesses into a global, multibillion-dollar corporate industry. But the pace was unsustainable. In 2010, McQueen took his own life. A year later, Galliano was fired in the wake of an alcohol-fueled, anti-Semitic diatribe.<br/> In her groundbreaking work Gods and Kings, acclaimed fashion journalist Dana Thomas tells the true story of two unforgettable artists. In so doing, she pulls back the curtain on the revolution that has remade high fashion over the last two decades—and the price it demanded from the very ones who saved it. |
| 650 #0 - SUBJECT ADDED ENTRY--TOPICAL TERM | |
| Topical term or geographic name entry element | Fashion |
| 9 (RLIN) | 9926 |
| 942 ## - ADDED ENTRY ELEMENTS (KOHA) | |
| Koha item type | Books |
| Τύπος τεκμηρίου | Βιβλιοθήκη | Τρέχουσα τοποθεσία | Barcode | Αριθμός εισαγωγής | Ημερομηνία απόκτησης | Ταξιθετικό σύμβολο | Αριθμός αντιτύπου | Κατάσταση απόσυρσης | Κατάσταση χαμένου | Κατάσταση κατεστραμμένου | Μη δανεισμός | Σύνολο δανεισμών | Ημερομηνία τελευταίας εμφάνισης | Η τιμή ισχύει από |
|---|---|---|---|---|---|---|---|---|---|---|---|---|---|---|
| Books | MC Athens Campus Library | MC Athens Campus Library | 9780000098849 | 8094 | 02/09/2025 | 746.920922 THO | 1 | 02/09/2025 | 02/09/2025 |